00575nam a2200181Ia 4500001001000000003000500010008004100015010001100056040000900067082001600076100002000092245012000112260005900232300001100291650003200302650002000334710003900354Para_1980CHAP220125s1998 xx 000 0 und d a200575 cCHAP aPA 589.2 C7 aCrous, Pedro W. aMycosphaerella spp. and their anamorphs :b associated with leaf spot diseases of Eucalyptus /c by Pedro W. Crous aSt. Paul Minn. :b American Phytopathological Society a170 p. aEucalipto x enférmedades aMycosphaerella  aAmerican Phytopathological Society